Genoveva de Curacautín: memorias de los extramuros
Uloženo v:
| Hlavní autor: | |
|---|---|
| Médium: | Kniha |
| Jazyk: | španělština |
| Vydáno: |
Santiago
FONDART
2006
|
| Vydání: | 1a. ed |
| Témata: | |
| Tagy: |
Přidat tag
Žádné tagy, Buďte první, kdo vytvoří štítek k tomuto záznamu!
|
MARC
| LEADER | 00000nam a2200000 a 4500 | ||
|---|---|---|---|
| 001 | UCI1278 | ||
| 003 | CL-VaPUC | ||
| 008 | 070622e20060000CL |||||||||||||||||spa|d | ||
| 082 | 0 | 4 | |a Ch868.9933 |b MUÑ |2 21 |
| 100 | |a Muñoz Acuña, Heriberto Ulises |e autor |9 521698 | ||
| 245 | 1 | 0 | |a Genoveva de Curacautín: memorias de los extramuros |
| 250 | |a 1a. ed | ||
| 300 | |a 143 p | ||
| 942 | |c BK | ||
| 945 | |d 20070622 00:00:00 |a castudil | ||
| 260 | |a Santiago |b FONDART |c 2006 | ||
| 500 | |a Contiene transcripciones a partituras | ||
| 650 | 7 | |a RITO |2 CL-VaPUC |9 399746 | |
| 650 | 0 | |a Creencias |9 313510 | |
| 650 | 7 | |a TRADICIONES |2 CL-VaPUC |9 367367 | |
| 650 | 0 | |a Velorio de Angelito |9 521699 | |
| 650 | 0 | |a Música folklórica |9 306412 | |
| 650 | 0 | |a Patrimonio |9 257770 | |
| 651 | 7 | |a CURACAUTIN |2 CL-VaPUC |9 521700 | |
| 651 | 0 | |a Araucanía |9 257448 | |
| 651 | 7 | |a CHILE |2 CL-VaPUC |9 521701 | |
| 583 | |a last modification |c 20070622 00:00:00 |k Rodrigo Vera | ||
| 999 | |c 326117 |d 326115 | ||
| 952 | |0 0 |1 0 |4 0 |6 CH_868_993300000000000_MUÑ_2006 |7 0 |8 X |9 407850 |a FDOMLP |b FDOMLP |d 2019-11-22 |i 4251806 |o Ch868.9933 MUÑ 2006 |p 4251806 |r 2019-11-22 |w 2019-11-22 |y BK_X |k BU2 | ||
| 952 | |0 0 |1 0 |4 0 |6 CH_868_993300000000000_MUÑ_2006 |7 0 |8 X |9 407851 |a FDOMLP |b FDOMLP |d 2019-11-22 |i 4251792 |o Ch868.9933 MUÑ 2006 |p 4251792 |r 2019-11-22 |w 2019-11-22 |y BK_X |k BU2 | ||